[Event "25th Klatovy A 2017"]
[Site "Klatovy CZE"]
[Date "2017.07.01"]
[Round "1.23"]
[White "Zeman, Matyas"]
[Black "Kostelecky, Daniel"]
[Result "1/2-1/2"]
[WhiteElo "2166"]
[BlackElo "1908"]
[PlyCount "112"]
[EventDate "2017.07.01"]
[EventType "swiss"]
[EventRounds "9"]
[EventCountry "CZE"]
[SourceTitle "EXT 2018"]
[Source "ChessBase"]
[SourceDate "2017.10.13"]
[SourceVersion "1"]
[SourceVersionDate "2017.10.13"]
[SourceQuality "1"]

1. e4 g6 2. d4 Bg7 3. Nc3 d6 4. Be3 Nc6 5. Qd2 e5 6. Nge2 exd4 7. Nxd4 Nge7 8. O-O-O O-O 9. h4 h5 10. Be2 Ne5 11. Bg5 Be6 12. f4 N5c6 13. Nxc6 bxc6 14. f5 gxf5 15. Bxh5 Qd7 16. Bh6 Ng6 17. Rdf1 f4 18. Bxg7 Kxg7 19. Bxg6 fxg6 20. Rxf4 Rxf4 21. Qxf4 Rf8 22. Qe3 Qf7 23. Re1 Qf4 24. g3 Qe5 25. Ne2 c5 26. Nf4 Bg4 27. Qd2 Rb8 28. c3 c6 29. Qe3 Rf8 30. Kc2 a5 31. c4 a4 32. Qc3 Qd4 33. Qxd4+ cxd4 34. Kd3 c5 35. b3 axb3 36. axb3 Ra8 37. Kc2 Ra2+ 38. Kb1 Rf2 39. e5 Bf5+ 40. Ka1 dxe5 41. Rxe5 d3 42. Nxd3 Bxd3 43. Rxc5 Rc2 44. Rd5 Bf5 45. Rd4 Kf6 46. b4 Be6 47. c5 Ke5 48. Rf4 Bf5 49. b5 Rxc5 50. Rb4 Kd6 51. b6 Rc8 52. g4 Be6 53. b7 Rb8 54. Rb6+ Ke7 55. h5 g5 56. h6 Bxg4 1/2-1/2

[Event "25th Klatovy A 2017"]
[Site "Klatovy CZE"]
[Date "2017.07.01"]
[Round "1.24"]
[White "Pavlicek, Petr"]
[Black "Hurdzan, Tomas"]
[Result "0-1"]
[WhiteElo "1899"]
[BlackElo "2164"]
[PlyCount "86"]
[EventDate "2017.07.01"]
[EventType "swiss"]
[EventRounds "9"]
[EventCountry "CZE"]
[SourceTitle "EXT 2018"]
[Source "ChessBase"]
[SourceDate "2017.10.13"]
[SourceVersion "1"]
[SourceVersionDate "2017.10.13"]
[SourceQuality "1"]

1. c4 Nf6 2. d4 e6 3. Nf3 d5 4. g3 Be7 5. Bg2 O-O 6. O-O dxc4 7. Qc2 a6 8. Qxc4 b5 9. Qc2 Bb7 10. Rd1 Be4 11. Qb3 Nc6 12. Qe3 Nb4 13. Ne1 Bxg2 14. Kxg2 Nxa2 15. Bd2 Nb4 16. Nc3 Qc8 17. Ne4 Qb7 18. f3 Nfd5 19. Qf2 f5 20. Nc3 Nxc3 21. bxc3 Nd5 22. Nd3 a5 23. Rdb1 Qa6 24. c4 bxc4 25. Rxa5 Qd6 26. Rxa8 Rxa8 27. Ne5 c3 28. Bc1 Bf6 29. e4 fxe4 30. fxe4 Bxe5 31. dxe5 Qxe5 32. Qc2 Nf6 33. Rb4 Qc5 34. Rb3 Qd4 35. Rxc3 Rf8 36. Rc4 Qb6 37. Rc6 Qb5 38. Rxc7 Nxe4 39. Qc4 Qb6 40. Rc6 Qf2+ 41. Kh3 Qf5+ 42. Kg2 Qf3+ 43. Kg1 Qd1+ 0-1

[Event "25th Klatovy A 2017"]
[Site "Klatovy CZE"]
[Date "2017.07.01"]
[Round "1.25"]
[White "Simunek, Filip"]
[Black "Kohout, Josef 1953"]
[Result "1-0"]
[WhiteElo "2146"]
[BlackElo "1896"]
[PlyCount "61"]
[EventDate "2017.07.01"]
[EventType "swiss"]
[EventRounds "9"]
[EventCountry "CZE"]
[SourceTitle "EXT 2018"]
[Source "ChessBase"]
[SourceDate "2017.10.13"]
[SourceVersion "1"]
[SourceVersionDate "2017.10.13"]
[SourceQuality "1"]

1. d4 e6 2. c4 f5 3. g4 Nf6 4. gxf5 exf5 5. Bg2 Ne4 6. Nc3 Bb4 7. Qd3 Qh4 8. Nh3 Nc6 9. O-O O-O 10. Nd5 Bd6 11. c5 Ne7 12. Nc3 Nxc5 13. dxc5 Bxc5 14. Nd5 h6 15. Nxc7 Qd4 16. Qxd4 Bxd4 17. Nxa8 Be5 18. Bf4 Bxb2 19. Rab1 Bf6 20. Nc7 g5 21. Bd6 Kg7 22. Bxb7 Kg6 23. Nd5 Bxb7 24. Rxb7 Rf7 25. Nxf6 Kxf6 26. Rxd7 Nd5 27. Rxf7+ Kxf7 28. Rb1 Ke6 29. Bb8 Nc3 30. Rb2 Nd5 31. f4 1-0

[Event "25th Klatovy A 2017"]
[Site "Klatovy CZE"]
[Date "2017.07.01"]
[Round "1.26"]
[White "Hlozek, David"]
[Black "Kozak, Milos"]
[Result "0-1"]
[WhiteElo "1890"]
[BlackElo "2138"]
[PlyCount "102"]
[EventDate "2017.07.01"]
[EventType "swiss"]
[EventRounds "9"]
[EventCountry "CZE"]
[SourceTitle "EXT 2018"]
[Source "ChessBase"]
[SourceDate "2017.10.13"]
[SourceVersion "1"]
[SourceVersionDate "2017.10.13"]
[SourceQuality "1"]

1. e4 c6 2. d4 d5 3. e5 Bf5 4. Nc3 e6 5. g4 Bg6 6. Nge2 c5 7. h4 h5 8. Nf4 Bh7 9. Nxh5 Nc6 10. Be3 Bxc2 11. Qxc2 cxd4 12. Bxd4 Nxd4 13. Qa4+ Nc6 14. Bb5 Nge7 15. Rc1 a6 16. Bd3 b5 17. Qf4 Qb8 18. Qg5 Qxe5+ 19. Qxe5 Nxe5 20. Be2 Nc4 21. b3 Na3 22. f4 g6 23. Ng3 Bg7 24. Kf2 O-O 25. h5 Rfc8 26. Nb1 Nxb1 27. Rxb1 gxh5 28. gxh5 Bh6 29. Rh4 Rc5 30. Rg4+ Kh8 31. a4 Rb8 32. axb5 axb5 33. Ra1 Ng8 34. f5 Nf6 35. Rb4 Rg8 36. Nf1 Ne4+ 37. Ke1 Nd6 38. fxe6 fxe6 39. Ra6 Rc1+ 40. Kf2 Ne4+ 41. Rxe4 dxe4 42. Rxe6 e3+ 43. Kf3 Rf8+ 44. Kg3 Bf4+ 45. Kg4 Rc2 46. Bxb5 Rg2+ 47. Kh3 Rfg8 48. Re4 Rb2 49. h6 Bxh6 50. Bd3 Rxb3 51. Kh2 Bf4+ 0-1

[Event "25th Klatovy A 2017"]
[Site "Klatovy CZE"]
[Date "2017.07.01"]
[Round "1.27"]
[White "Kaderabek, Jiri"]
[Black "Stanek, Petr"]
[Result "1-0"]
[WhiteElo "2137"]
[BlackElo "1888"]
[PlyCount "107"]
[EventDate "2017.07.01"]
[EventType "swiss"]
[EventRounds "9"]
[EventCountry "CZE"]
[SourceTitle "EXT 2018"]
[Source "ChessBase"]
[SourceDate "2017.10.13"]
[SourceVersion "1"]
[SourceVersionDate "2017.10.13"]
[SourceQuality "1"]

1. d4 c5 2. d5 Nf6 3. Nf3 g6 4. g3 Bg7 5. Bg2 O-O 6. O-O d6 7. c4 b5 8. cxb5 a6 9. bxa6 Bxa6 10. Re1 Nbd7 11. e4 Ng4 12. Bh3 Nge5 13. Bxd7 Qxd7 14. Nxe5 Bxe5 15. Nc3 Rfb8 16. Qc2 Rb4 17. Rb1 Rab8 18. b3 Rd4 19. Rd1 Qg4 20. Be3 Rdb4 21. a3 R4b7 22. Kg2 Qd7 23. f4 Bg7 24. Bf2 Ra7 25. b4 Bc8 26. bxc5 Qh3+ 27. Kg1 Rxb1 28. Rxb1 Rxa3 29. Nb5 Ra8 30. cxd6 exd6 31. Nxd6 Bd7 32. Nb5 Rc8 33. Qd2 h5 34. Nd4 h4 35. Nf3 hxg3 36. hxg3 Rc3 37. Rb8+ Bc8 38. Ng5 Rxg3+ 39. Bxg3 Qxg3+ 40. Kf1 Qg4 41. f5 Bf6 42. Rxc8+ Kg7 43. Rc2 Bxg5 44. Qd3 Bf6 45. fxg6 fxg6 46. Rf2 Qg5 47. Qf3 Qc1+ 48. Kg2 Qg5+ 49. Qg3 Qc1 50. Qf4 Qc3 51. Qxf6+ Qxf6 52. Rxf6 Kxf6 53. d6 Ke6 54. e5 1-0

[Event "25th Klatovy A 2017"]
[Site "Klatovy CZE"]
[Date "2017.07.01"]
[Round "1.28"]
[White "Hodan, Jiri"]
[Black "Chmel, Kristian"]
[Result "1/2-1/2"]
[WhiteElo "1876"]
[BlackElo "2128"]
[PlyCount "66"]
[EventDate "2017.07.01"]
[EventType "swiss"]
[EventRounds "9"]
[EventCountry "CZE"]
[SourceTitle "EXT 2018"]
[Source "ChessBase"]
[SourceDate "2017.10.13"]
[SourceVersion "1"]
[SourceVersionDate "2017.10.13"]
[SourceQuality "1"]

1. d4 Nf6 2. c4 g6 3. Nc3 d5 4. cxd5 Nxd5 5. e4 Nxc3 6. bxc3 Bg7 7. Be3 O-O 8. Bc4 c5 9. Ne2 Nc6 10. O-O Bd7 11. Rb1 Qc7 12. h3 Rad8 13. f4 cxd4 14. cxd4 Nxd4 15. Bd5 Nxe2+ 16. Qxe2 b6 17. Rfc1 Qb8 18. e5 Bf5 19. Rb5 Rc8 20. g4 Rxc1+ 21. Bxc1 Bc8 22. Qe4 Rd8 23. Ba3 Bf8 24. e6 f6 25. Bc6 Ba6 26. Rd5 Rxd5 27. Bxd5 Qc7 28. Qa4 Qc3 29. Qe8 Qg3+ 30. Kh1 Qxh3+ 31. Kg1 Qg3+ 32. Kh1 Qh3+ 33. Kg1 Qg3+ 1/2-1/2

[Event "25th Klatovy A 2017"]
[Site "Klatovy CZE"]
[Date "2017.07.01"]
[Round "1.29"]
[White "Molkanov, Oleg 2001"]
[Black "Novak, Jaromir"]
[Result "1-0"]
[WhiteElo "2117"]
[BlackElo "1849"]
[PlyCount "55"]
[EventDate "2017.07.01"]
[EventType "swiss"]
[EventRounds "9"]
[EventCountry "CZE"]
[SourceTitle "EXT 2018"]
[Source "ChessBase"]
[SourceDate "2017.10.13"]
[SourceVersion "1"]
[SourceVersionDate "2017.10.13"]
[SourceQuality "1"]

1. Nf3 d5 2. d4 c6 3. c4 Nf6 4. Nc3 dxc4 5. a4 Nd5 6. e4 Nxc3 7. bxc3 b5 8. Be2 e6 9. Bf4 Bb7 10. Qc2 a6 11. O-O Nd7 12. Rfd1 Qc8 13. e5 Nb6 14. Ng5 g6 15. Ne4 Be7 16. Bg5 Qd7 17. Bf6 Rf8 18. Qd2 Nd5 19. Bxe7 Qxe7 20. Nd6+ Kd8 21. Bxc4 f6 22. Bxd5 exd5 23. Qh6 fxe5 24. Nxb7+ Kc7 25. Nc5 exd4 26. cxd4 Qf6 27. Qd2 Qf4 28. Ne6+ 1-0

[Event "25th Klatovy A 2017"]
[Site "Klatovy CZE"]
[Date "2017.07.01"]
[Round "1.30"]
[White "Hacaperka, Michal"]
[Black "Pick, Stepan"]
[Result "1/2-1/2"]
[WhiteElo "1846"]
[BlackElo "2105"]
[PlyCount "54"]
[EventDate "2017.07.01"]
[EventType "swiss"]
[EventRounds "9"]
[EventCountry "CZE"]
[SourceTitle "EXT 2018"]
[Source "ChessBase"]
[SourceDate "2017.10.13"]
[SourceVersion "1"]
[SourceVersionDate "2017.10.13"]
[SourceQuality "1"]

1. e4 d6 2. d4 Nf6 3. Nc3 g6 4. g3 Bg7 5. Bg2 O-O 6. Nf3 Nbd7 7. O-O e5 8. d5 Nc5 9. Re1 a5 10. b3 b5 11. a3 Bd7 12. Nh4 Qe7 13. Bg5 h6 14. Be3 Na6 15. Na2 c6 16. c4 cxd5 17. cxd5 Rfc8 18. b4 axb4 19. axb4 Qd8 20. h3 Be8 21. Qd2 Kh7 22. f3 Nh5 23. Kh2 Nxg3 24. Kxg3 Bf6 25. Nxg6 fxg6 26. Rec1 h5 27. Kh2 Bd7 1/2-1/2

[Event "25th Klatovy A 2017"]
[Site "Klatovy CZE"]
[Date "2017.07.01"]
[Round "1.31"]
[White "Jelinek, Michal"]
[Black "Kantor, Jozef"]
[Result "1-0"]
[WhiteElo "2085"]
[BlackElo "1844"]
[PlyCount "55"]
[EventDate "2017.07.01"]
[EventType "swiss"]
[EventRounds "9"]
[EventCountry "CZE"]
[SourceTitle "EXT 2018"]
[Source "ChessBase"]
[SourceDate "2017.10.13"]
[SourceVersion "1"]
[SourceVersionDate "2017.10.13"]
[SourceQuality "1"]

1. d4 Nf6 2. c4 e6 3. Nc3 c5 4. d5 exd5 5. cxd5 d6 6. Nf3 g6 7. Nd2 Bg7 8. Nc4 O-O 9. Bf4 b5 10. Nxb5 Ba6 11. Nbxd6 Bxc4 12. Nxc4 Nxd5 13. Bd6 Bxb2 14. Qxd5 Bc3+ 15. Kd1 Na6 16. Rc1 Nb4 17. Qf3 Bg7 18. a3 Na6 19. e4 Re8 20. Bd3 Qd7 21. Re1 Rad8 22. Re2 Nb8 23. Rd2 Qa4+ 24. Ke1 Nd7 25. Kf1 Bd4 26. Bc7 Ra8 27. Nd6 Rf8 28. Bb5 1-0

[Event "25th Klatovy A 2017"]
[Site "Klatovy CZE"]
[Date "2017.07.01"]
[Round "1.32"]
[White "Ruzickova, Radka"]
[Black "Kotal, Vaclav"]
[Result "1/2-1/2"]
[WhiteElo "1836"]
[BlackElo "2070"]
[PlyCount "89"]
[EventDate "2017.07.01"]
[EventType "swiss"]
[EventRounds "9"]
[EventCountry "CZE"]
[SourceTitle "EXT 2018"]
[Source "ChessBase"]
[SourceDate "2017.10.13"]
[SourceVersion "1"]
[SourceVersionDate "2017.10.13"]
[SourceQuality "1"]

1. e4 d6 2. d4 Nf6 3. Nc3 c6 4. a4 Nbd7 5. Bc4 e5 6. Nf3 Be7 7. Ng5 O-O 8. Be3 d5 9. exd5 Nxd5 10. Bxd5 cxd5 11. h4 exd4 12. Qxd4 Nf6 13. O-O-O Be6 14. Nxe6 fxe6 15. g4 Nd7 16. Nxd5 exd5 17. Qxd5+ Rf7 18. Qxd7 Qa5 19. Qxb7 Raf8 20. Qb5 Qc7 21. Rd7 Qc8 22. Qb7 Qe8 23. g5 Bxg5 24. Rxf7 Bxe3+ 25. fxe3 Qxe3+ 26. Kb1 Rxf7 27. Qd5 Qf2 28. h5 h6 29. Rd1 Qe2 30. Rd2 Qg4 31. b3 a6 32. Kb2 Qf4 33. Re2 Qf6+ 34. c3 Kh7 35. Qd3+ Kg8 36. Re8+ Rf8 37. Qc4+ Kh7 38. Rxf8 Qxf8 39. Qe4+ Kh8 40. b4 Qf2+ 41. Ka3 Qd2 42. Qe8+ Kh7 43. Qg6+ Kh8 44. Qe8+ Kh7 45. Qg6+ 1/2-1/2

[Event "25th Klatovy A 2017"]
[Site "Klatovy CZE"]
[Date "2017.07.01"]
[Round "1.33"]
[White "Parizek, Vojtech"]
[Black "Novak, Vaclav2"]
[Result "1-0"]
[WhiteElo "2065"]
[BlackElo "1829"]
[PlyCount "54"]
[EventDate "2017.07.01"]
[EventType "swiss"]
[EventRounds "9"]
[EventCountry "CZE"]
[SourceTitle "EXT 2018"]
[Source "ChessBase"]
[SourceDate "2017.10.13"]
[SourceVersion "1"]
[SourceVersionDate "2017.10.13"]
[SourceQuality "1"]

1. e4 e5 2. Nf3 Nc6 3. Nc3 Bc5 4. Nxe5 Bxf2+ 5. Kxf2 Nxe5 6. d4 Ng6 7. Be2 d6 8. Rf1 h6 9. Kg1 N8e7 10. Be3 d5 11. exd5 Nxd5 12. Nxd5 Qxd5 13. c4 Qe4 14. Qd2 O-O 15. Rae1 Qh4 16. Qc3 Bg4 17. Bd3 Rae8 18. d5 Ne5 19. Bc5 Nxd3 20. Bxf8 Rxf8 21. Qxd3 Bh5 22. Qe4 Qd8 23. Qe7 Qc8 24. c5 f6 25. d6 cxd6 26. cxd6 Qc5+ 27. Kh1 Be8 1-0

[Event "25th Klatovy A 2017"]
[Site "Klatovy CZE"]
[Date "2017.07.01"]
[Round "1.34"]
[White "Kubat, Martin"]
[Black "Dolansky, Lukas"]
[Result "1-0"]
[WhiteElo "1828"]
[BlackElo "2065"]
[PlyCount "71"]
[EventDate "2017.07.01"]
[EventType "swiss"]
[EventRounds "9"]
[EventCountry "CZE"]
[SourceTitle "EXT 2018"]
[Source "ChessBase"]
[SourceDate "2017.10.13"]
[SourceVersion "1"]
[SourceVersionDate "2017.10.13"]
[SourceQuality "1"]

1. e4 e5 2. Nf3 Nc6 3. Bb5 Bc5 4. O-O Nd4 5. Nxd4 Bxd4 6. c3 Bb6 7. d4 c6 8. Bc4 d6 9. dxe5 dxe5 10. Qh5 Qe7 11. Bg5 Nf6 12. Qh4 Be6 13. Na3 O-O-O 14. Kh1 Bc7 15. f3 h6 16. Be3 Bxc4 17. Nxc4 Qe6 18. b3 a6 19. Rad1 Kb8 20. Qf2 g5 21. Ba7+ Ka8 22. Bb6 Qe7 23. Bc5 Qe6 24. Bb6 Qc8 25. Qe2 Nh5 26. Bg1 b5 27. Nb6+ Bxb6 28. Bxb6 Rxd1 29. Rxd1 Nf4 30. Qe3 g4 31. g3 Nh5 32. Rd3 gxf3 33. Qxf3 Qh3 34. Rd1 Rg8 35. Bf2 f6 36. Qe3 1-0

[Event "25th Klatovy A 2017"]
[Site "Klatovy CZE"]
[Date "2017.07.01"]
[Round "1.35"]
[White "Kopriva, Martin"]
[Black "Kusa, Jakub"]
[Result "1-0"]
[WhiteElo "2061"]
[BlackElo "1828"]
[PlyCount "55"]
[EventDate "2017.07.01"]
[EventType "swiss"]
[EventRounds "9"]
[EventCountry "CZE"]
[SourceTitle "EXT 2018"]
[Source "ChessBase"]
[SourceDate "2017.10.13"]
[SourceVersion "1"]
[SourceVersionDate "2017.10.13"]
[SourceQuality "1"]

1. e4 e5 2. Nf3 Nc6 3. Nc3 Nf6 4. Bb5 Bc5 5. Nxe5 Bxf2+ 6. Kxf2 Nxe5 7. d4 Neg4+ 8. Kg1 c6 9. Be2 d6 10. h3 Nh6 11. Kh2 Rg8 12. Rf1 g5 13. g4 Rg6 14. Be3 Nhg8 15. Bd3 Rh6 16. Kg2 Qa5 17. Qd2 Nxg4 18. hxg4 Rh4 19. Rh1 Rxg4+ 20. Kf2 f5 21. exf5 Bxf5 22. b4 Qd8 23. Bxf5 Qf6 24. Raf1 Qxf5+ 25. Ke1 Qg6 26. Qe2 Qe6 27. Rxh7 O-O-O 28. Rff7 1-0

[Event "25th Klatovy A 2017"]
[Site "Klatovy CZE"]
[Date "2017.07.01"]
[Round "1.36"]
[White "Nagy, Ladislav1"]
[Black "Svanda, Ondrej"]
[Result "0-1"]
[WhiteElo "1812"]
[BlackElo "2061"]
[PlyCount "90"]
[EventDate "2017.07.01"]
[EventType "swiss"]
[EventRounds "9"]
[EventCountry "CZE"]
[SourceTitle "EXT 2018"]
[Source "ChessBase"]
[SourceDate "2017.10.13"]
[SourceVersion "1"]
[SourceVersionDate "2017.10.13"]
[SourceQuality "1"]

1. Nf3 Nf6 2. g3 c5 3. Bg2 Nc6 4. O-O g6 5. d3 Bg7 6. e4 d6 7. Nbd2 O-O 8. c3 Rb8 9. Nc4 b5 10. Ne3 Bd7 11. Nh4 b4 12. Bd2 a5 13. Rb1 Qc7 14. f4 bxc3 15. Bxc3 Be6 16. b3 Ng4 17. Nxg4 Bxc3 18. f5 Bd4+ 19. Kh1 Bd7 20. Nf2 Ne5 21. Ng4 Bb5 22. Nxe5 Bxe5 23. Qd2 a4 24. Rf3 axb3 25. axb3 Bf6 26. fxg6 hxg6 27. Qh6 Bg7 28. Qg5 e6 29. g4 Qd8 30. Qxd8 Rfxd8 31. Bf1 Ba4 32. Rf2 Rxb3 33. Rxb3 Bxb3 34. Nf3 Ra8 35. Kg2 d5 36. Nd2 Ba4 37. Kf3 Bd4 38. Rg2 Kg7 39. exd5 exd5 40. Be2 Re8 41. Nf1 Bb3 42. h4 c4 43. dxc4 dxc4 44. Rh2 c3 45. Bd3 Bd5+ 0-1

[Event "25th Klatovy A 2017"]
[Site "Klatovy CZE"]
[Date "2017.07.01"]
[Round "1.37"]
[White "Zahorbensky, Jaroslav"]
[Black "Kasik, Miroslav"]
[Result "1-0"]
[WhiteElo "2050"]
[BlackElo "1805"]
[PlyCount "187"]
[EventDate "2017.07.01"]
[EventType "swiss"]
[EventRounds "9"]
[EventCountry "CZE"]
[SourceTitle "EXT 2018"]
[Source "ChessBase"]
[SourceDate "2017.10.13"]
[SourceVersion "1"]
[SourceVersionDate "2017.10.13"]
[SourceQuality "1"]

1. e4 d5 2. exd5 Qxd5 3. Nc3 Qa5 4. a3 c6 5. b4 Qd8 6. d4 Nf6 7. Nf3 Bg4 8. Be2 e6 9. Be3 Be7 10. h3 Bxf3 11. Bxf3 Nbd7 12. O-O O-O 13. Qe2 Nd5 14. Ne4 Nxe3 15. fxe3 Qc7 16. c4 Nf6 17. Nc3 Rad8 18. Rfc1 b6 19. Qf2 Qd7 20. Rd1 Qc7 21. Qc2 Rd7 22. Qa4 Rc8 23. Kf2 Ne8 24. Rac1 Bh4+ 25. Ke2 Nf6 26. Rf1 Bg3 27. b5 cxb5 28. cxb5 Qb8 29. Bc6 Rdd8 30. Qb3 a6 31. a4 a5 32. Rcd1 Bd6 33. Rf3 Bb4 34. Na2 Bf8 35. Qb1 Qd6 36. Rd3 Nd5 37. Qc2 Ne7 38. Rc3 Nxc6 39. bxc6 Rc7 40. Rf1 Rdc8 41. Rc1 Qg3 42. Qe4 Qd6 43. Qf3 Be7 44. R1c2 Bf6 45. Rc4 Be7 46. Nc1 f6 47. Nd3 g6 48. Qf4 Qxf4 49. Nxf4 Kf7 50. d5 e5 51. Ne6 Ra7 52. e4 Bb4 53. g4 Re7 54. Kd3 Rxe6 55. dxe6+ Kxe6 56. Rc1 Rc7 57. Kc2 Bc5 58. Rd1 Rxc6 59. Rd8 Rd6 60. Rxd6+ Kxd6 61. Kb3 Ke6 62. Rc1 f5 63. gxf5+ gxf5 64. exf5+ Kxf5 65. Rf1+ Ke4 66. Kc4 Be3 67. Rf6 h6 68. Rf1 Bf4 69. Re1+ Be3 70. Rf1 Bf4 71. Kb5 Be3 72. Rf6 Kd3 73. Rd6+ Ke4 74. h4 Kf3 75. Kc4 Ke4 76. h5 Kf5 77. Kd3 Bc5 78. Rxh6 e4+ 79. Ke2 Kg5 80. Rh8 Bd4 81. Rd8 Bc5 82. Rd5+ Kh6 83. Re5 e3 84. Kf3 Bd4 85. Re4 Bc5 86. Kg4 Kg7 87. Kg5 Kh7 88. h6 Bf8 89. Re6 e2 90. Rxe2 Bxh6+ 91. Kf6 Kg8 92. Kg6 Bg7 93. Re8+ Bf8 94. Rb8 1-0

[Event "25th Klatovy A 2017"]
[Site "Klatovy CZE"]
[Date "2017.07.01"]
[Round "1.38"]
[White "Rezac, Jindrich"]
[Black "Mulenko, Alexander"]
[Result "0-1"]
[WhiteElo "1802"]
[BlackElo "2050"]
[PlyCount "48"]
[EventDate "2017.07.01"]
[EventType "swiss"]
[EventRounds "9"]
[EventCountry "CZE"]
[SourceTitle "EXT 2018"]
[Source "ChessBase"]
[SourceDate "2017.10.13"]
[SourceVersion "1"]
[SourceVersionDate "2017.10.13"]
[SourceQuality "1"]

1. d4 Nf6 2. c4 e6 3. Nf3 b6 4. g3 Ba6 5. b3 b5 6. Qc2 Nc6 7. e3 Nb4 8. Qd1 Bb7 9. Bg2 Be4 10. Na3 bxc4 11. bxc4 Nd3+ 12. Ke2 Qc8 13. Nh4 Nxc1+ 14. Qxc1 Bxg2 15. Nxg2 Qa6 16. Nb5 Qc6 17. Nf4 a6 18. Na3 Qa4 19. c5 Be7 20. Nc4 O-O 21. Rd1 d6 22. cxd6 cxd6 23. Rd3 Rac8 24. Rc3 Ne4 0-1

[Event "25th Klatovy A 2017"]
[Site "Klatovy CZE"]
[Date "2017.07.01"]
[Round "1.39"]
[White "Krutsky, Martin"]
[Black "Vartazaryan, Gor"]
[Result "1-0"]
[WhiteElo "2045"]
[BlackElo "1795"]
[PlyCount "65"]
[EventDate "2017.07.01"]
[EventType "swiss"]
[EventRounds "9"]
[EventCountry "CZE"]
[SourceTitle "EXT 2018"]
[Source "ChessBase"]
[SourceDate "2017.10.13"]
[SourceVersion "1"]
[SourceVersionDate "2017.10.13"]
[SourceQuality "1"]

1. e4 c5 2. Nf3 d6 3. d4 cxd4 4. Nxd4 Nf6 5. Nc3 a6 6. Be3 e5 7. Nb3 Be7 8. f3 Be6 9. Qd2 Nbd7 10. O-O-O h5 11. h3 b5 12. Rg1 Nb6 13. Qf2 Nc4 14. Bxc4 Bxc4 15. g4 h4 16. g5 Nd7 17. Rg4 Qc7 18. Rxh4 O-O-O 19. Rxh8 Rxh8 20. h4 a5 21. Nd2 b4 22. Nxc4 bxc3 23. b3 Kb7 24. Rd3 f6 25. gxf6 gxf6 26. Rxc3 f5 27. Bg5 Bxg5+ 28. hxg5 fxe4 29. fxe4 Rh1+ 30. Kb2 Nc5 31. Nxd6+ Qxd6 32. Qxc5 Qd1 33. Qc8+ 1-0

[Event "25th Klatovy A 2017"]
[Site "Klatovy CZE"]
[Date "2017.07.01"]
[Round "1.40"]
[White "Hak, David"]
[Black "Nemec, David"]
[Result "0-1"]
[WhiteElo "1777"]
[BlackElo "2043"]
[PlyCount "106"]
[EventDate "2017.07.01"]
[EventType "swiss"]
[EventRounds "9"]
[EventCountry "CZE"]
[SourceTitle "EXT 2018"]
[Source "ChessBase"]
[SourceDate "2017.10.13"]
[SourceVersion "1"]
[SourceVersionDate "2017.10.13"]
[SourceQuality "1"]

1. e4 c5 2. Nf3 d6 3. d4 cxd4 4. Nxd4 Nf6 5. Nc3 a6 6. a4 e5 7. Nb3 Be6 8. Be2 Nbd7 9. Be3 Be7 10. O-O O-O 11. f3 Nb6 12. a5 Nc4 13. Bxc4 Bxc4 14. Rf2 Rc8 15. Rd2 Qc7 16. Kh1 Qc6 17. Bg5 Rfd8 18. Na4 h6 19. Bxf6 Bxf6 20. Nb6 Rc7 21. c3 Be6 22. Rd3 Bg5 23. c4 f5 24. c5 fxe4 25. fxe4 Qxe4 26. Rxd6 Re8 27. Nd2 Bxd2 28. Qxd2 Rxc5 29. Rc1 Rxc1+ 30. Qxc1 Qf5 31. h3 Rf8 32. Qc7 Qf1+ 33. Kh2 Qf4+ 34. Kh1 Qg3 35. Rd8 Qe1+ 36. Kh2 e4 37. Rxf8+ Kxf8 38. Qd6+ Kf7 39. Qf4+ Kg6 40. Na4 Qxa5 41. Qxe4+ Kf6 42. Qf3+ Qf5 43. Qd1 Qe5+ 44. Kh1 Bd5 45. Nc3 Bc6 46. Qd8+ Kg6 47. Qd3+ Qf5 48. Qxf5+ Kxf5 49. Kg1 Ke5 50. Kf2 Kd4 51. g3 Kd3 52. Ke1 Kc2 53. Nd1 Bf3 0-1

[Event "25th Klatovy A 2017"]
[Site "Klatovy CZE"]
[Date "2017.07.01"]
[Round "1.41"]
[White "Sprenar, Petr"]
[Black "Paldus, Jan"]
[Result "1-0"]
[WhiteElo "2042"]
[BlackElo "1770"]
[PlyCount "65"]
[EventDate "2017.07.01"]
[EventType "swiss"]
[EventRounds "9"]
[EventCountry "CZE"]
[SourceTitle "EXT 2018"]
[Source "ChessBase"]
[SourceDate "2017.10.13"]
[SourceVersion "1"]
[SourceVersionDate "2017.10.13"]
[SourceQuality "1"]

1. Nf3 d5 2. g3 c6 3. Bg2 Nf6 4. O-O Bf5 5. d4 h6 6. c4 e6 7. Nc3 Be7 8. Qb3 b6 9. a4 Nbd7 10. Ne5 Nxe5 11. dxe5 Nd7 12. cxd5 cxd5 13. e4 dxe4 14. Rd1 Qc7 15. Nb5 Qb7 16. a5 Nc5 17. Qc4 O-O 18. b4 Rfd8 19. Be3 Nd3 20. Rxd3 Rxd3 21. Qxd3 Qb8 22. Qd4 bxa5 23. Rxa5 a6 24. Nd6 Bd8 25. Ra4 a5 26. b5 Bc7 27. Bxe4 Bxe4 28. Qxe4 f5 29. Qc6 Qd8 30. Rc4 Bxd6 31. exd6 a4 32. d7 Kh7 33. Bb6 1-0

[Event "25th Klatovy A 2017"]
[Site "Klatovy CZE"]
[Date "2017.07.01"]
[Round "1.42"]
[White "Fox, Pierre"]
[Black "Bartonicek, Zdenek Jr"]
[Result "1/2-1/2"]
[WhiteElo "1761"]
[BlackElo "2039"]
[PlyCount "50"]
[EventDate "2017.07.01"]
[EventType "swiss"]
[EventRounds "9"]
[EventCountry "CZE"]
[SourceTitle "EXT 2018"]
[Source "ChessBase"]
[SourceDate "2017.10.13"]
[SourceVersion "1"]
[SourceVersionDate "2017.10.13"]
[SourceQuality "1"]

1. d4 f5 2. Nc3 Nf6 3. Bg5 e6 4. e4 fxe4 5. Nxe4 Be7 6. Bxf6 Bxf6 7. Qh5+ g6 8. Qh6 Qe7 9. Nxf6+ Qxf6 10. Nf3 Nc6 11. O-O-O Ne7 12. Bc4 Nf5 13. Qf4 d5 14. Bb5+ c6 15. Bd3 Qe7 16. Bxf5 gxf5 17. Ne5 Bd7 18. Rd3 Rg8 19. Rb3 O-O-O 20. Ra3 a6 21. g3 Rde8 22. Qd2 h5 23. f4 h4 24. Qe2 Rg7 25. Rxa6 bxa6 1/2-1/2

[Event "25th Klatovy A 2017"]
[Site "Klatovy CZE"]
[Date "2017.07.01"]
[Round "1.43"]
[White "Zak, Pavel"]
[Black "Lhotsky, Zdenek"]
[Result "0-1"]
[WhiteElo "2038"]
[BlackElo "1695"]
[PlyCount "60"]
[EventDate "2017.07.01"]
[EventType "swiss"]
[EventRounds "9"]
[EventCountry "CZE"]
[SourceTitle "EXT 2018"]
[Source "ChessBase"]
[SourceDate "2017.10.13"]
[SourceVersion "1"]
[SourceVersionDate "2017.10.13"]
[SourceQuality "1"]

1. Nf3 Nf6 2. c4 g6 3. d4 Bg7 4. Nc3 O-O 5. e4 d6 6. h3 c6 7. Be3 a6 8. a4 h6 9. Be2 Kh7 10. O-O Nbd7 11. Qc2 e5 12. dxe5 Nxe5 13. Nxe5 dxe5 14. b4 Be6 15. a5 Nd7 16. Na4 Qh4 17. f3 Bxh3 18. Bd3 Be6 19. Rad1 Rg8 20. Rf2 Rad8 21. Kf1 Bf8 22. c5 Nf6 23. Ke2 Nh5 24. Kd2 Be7 25. Kc3 Bg5 26. Bxg5 Qxg5 27. g4 Nf4 28. Nb2 Rd4 29. Nc4 Nxd3 30. Qxd3 Rxd3+ 0-1